Mitgliedstaaten des Nordischen Rats - Statistiken

Allgemein
  • Dieses Quiz wurde 61 mal gespielt
  • Das Durchschnittsergebnis liegt bei 7 aus 8
Antwortstatistiken
Hinweis Antwort % Korrekt
voll Dänemark
100%
voll Norwegen
100%
voll Schweden
100%
voll Finnland
98%
voll Island
94%
assoziiert Färöer Inseln
75%
assoziiert Grönland
71%
assoziiert Åland
40%
Keine übereinstimmenden Quizze gefunden
Verteilung der Resultate
Anzahl Personen mit jedem Resultat
Perzentil nach korrekt beantworteten Fragen
Ihre Resultats-Entwicklung
Sie haben dieses Quiz noch nicht gespielt